| 000 | 00831cam a2200253 a 4500 | ||
|---|---|---|---|
| 001 | 15957467 | ||
| 005 | 20180222044412.0 | ||
| 008 | 091023s2011 nyua b 001 0 eng | ||
| 010 | _a 2009044025 | ||
| 020 | _a9780073527116 (alk. paper) | ||
| 020 | _a0073527114 (alk. paper) | ||
| 035 | _a(OCoLC)ocn436027982 | ||
| 040 |
_aDLC _cDLC _dYDX _dBTCTA _dYDXCP _dDLC |
||
| 041 | _aeng | ||
| 080 | _a657.42 | ||
| 082 | 0 | 0 |
_a657.42 LAN _222 |
| 100 | 1 | _a61 | |
| 101 | _aKON | ||
| 245 | 1 | 0 |
_aFundamentals of cost accounting / _cWilliam N. Lanen, Shannon W. Anderson, Michael W. Maher. |
| 504 | _aIncludes bibliographical references and index. | ||
| 906 |
_a7 _bcbc _corignew _d1 _eecip _f20 _gy-gencatlg |
||
| 942 |
_2ddc _cBK |
||
| 999 |
_c43155 _d43155 |
||